LIBRARY & INFORMATION CENTRE, KCAET, TAVANUR

ONLINE PUBLIC ACCESS CATALOGUE (OPAC)

Career`s objective general science for competitive examinations / (Record no. 7014)

MARC details
000 -LEADER
fixed length control field 00453cam a2200169ua 4500
041 ## - LANGUAGE CODE
Language code of text/sound track or separate title eng
082 ## - DEWEY DECIMAL CLASSIFICATION NUMBER
Classification number 028.7021
Item number AND/CA
100 ## - MAIN ENTRY--AUTHOR NAME
Personal name Anand, J .
245 ## - TITLE STATEMENT
Title Career`s objective general science for competitive examinations /
250 ## - EDITION STATEMENT
Edition statement 1 /
260 ## - PUBLICATION, DISTRIBUTION, ETC. (IMPRINT)
Place of publication New Delhi :
Name of publisher Bright Career Institute ,
Year of publication 1968.
300 ## - PHYSICAL DESCRIPTION
Number of Pages 301 ; .
700 1# - ADDED ENTRY--PERSONAL NAME
Personal name Phull, D S .
942 ## - ADDED ENTRY ELEMENTS (KOHA)
Koha item type Books
Holdings
Withdrawn status Lost status Damaged status Home library Current library Date acquired Full call number Accession Number Koha item type
      KAUAET KAUAET 07/04/2012 028.7021 19372 Books
free website counter